Catálogo

METODOS NUMERICOS PARA INGENIEROS : (Registro nro. 6991)

Detalles MARC
000 -LEADER
fixed length control field 00588nam a2200193 a 4500
001 - CONTROL NUMBER
control field 6991
005 - DATE AND TIME OF LATEST TRANSACTION
control field 20180713190854.0
008 - FIXED-LENGTH DATA ELEMENTS--GENERAL INFORMATION
fixed length control field 140415s1987 mx 000 0 spa d
041 ## - LANGUAGE CODE
Language code of text/sound track or separate title spa
082 ## - DEWEY DECIMAL CLASSIFICATION NUMBER
Classification number 519.4
Item number CHA
100 1# - MAIN ENTRY--PERSONAL NAME
Personal name CHAPRA, STEVEN C.
245 10 - TITLE STATEMENT
Title METODOS NUMERICOS PARA INGENIEROS :
Remainder of title CON APLICACIONES EN COMPUTADORAS PERSONALES
250 ## - EDITION STATEMENT
Edition statement 1a ed.
260 ## - PUBLICATION, DISTRIBUTION, ETC.
Place of publication, distribution, etc. MEXICO :
Name of publisher, distributor, etc. MC GRAW HILL,
Date of publication, distribution, etc. 1987
300 ## - PHYSICAL DESCRIPTION
Extent 641
650 14 - SUBJECT ADDED ENTRY--TOPICAL TERM
Topical term or geographic name entry element ECUACIONES FUNCIONALES
General subdivision PROGRAMACION (MATEMATICAS)
700 1# - ADDED ENTRY--PERSONAL NAME
Personal name ZAPATA, CARLOS
Relator term tr.
700 1# - ADDED ENTRY--PERSONAL NAME
Personal name CANALES, RAYMOND P.
Relator term coaut.
Existencias
Withdrawn status Lost status Source of classification or shelving scheme Damaged status Not for loan Home library Current library Shelving location Date acquired Source of acquisition Total Checkouts Full call number Barcode Price effective from Koha item type Collection code Inventory number Date last seen
  No inventariado Dewey Decimal Classification     Biblioteca Karol Wojtyla Biblioteca Karol Wojtyla   03/12/2013 Compra   519.4 CHA 19665 03/12/2013 Libro      
    Dewey Decimal Classification     Biblioteca Karol Wojtyla Biblioteca Karol Wojtyla Sala general 03/12/2013 Compra   519.4 CHA 28935 03/12/2013 Libro General 151000000000000000039490 05/01/2026
    Dewey Decimal Classification     Biblioteca Karol Wojtyla Biblioteca Karol Wojtyla Sala general 03/12/2013 Compra   519.4 CHA 8859 03/12/2013 Libro General 151000000000000000039489 05/01/2026
  No inventariado Dewey Decimal Classification     Biblioteca Karol Wojtyla Biblioteca Karol Wojtyla   03/12/2013 Compra   519.4 CHA 28405 03/12/2013 Libro